000 01027nam0a22002651 4500
001 rc\2769544
005 20250806202003.0
035 _a(NLR Aleph) 006895937
090 _a25940
_c25940
100 _a20110915d1941 u y0rusy50 ca
101 1 _arus
_ceng
102 _aRU
105 _ay z |||||
200 1 _aЛегированные чугуны
_fПер. с англ. и переработка инж. В. М. Шестопала
_gАссоциация литейщиков США "AFA"
210 _aМосква
_aЛенинград
_cМашгиз
_d1941
_eЛенинград
215 _a84 с.
_cграф.
_d22 см.
702 1 _aШестопал
_bВ.М.
_gВиктор Михайлович
_4730
712 0 2 _aАмериканская ассоциация литейщиков
_3RU\NLR\AUTH\889923765
801 0 _aRU
_bNLR
_gpsbo
801 1 _aRU
_bELAR
_2rusmarc
852 _aNLR
_jТ30 Г-6/9
942 _cBOOK
945 _aРоссийская национальная библиотека
980 _aNB
980 _aBV